000 00518nam a2200193 a 4500
001 1771298607249
003 YourLibrary
005 20260217085516.0
008 260217s1999##################000#0#eng##
020 _a9780262112383
082 0 4 _a330.01518
_bKIM
100 1 _aKim, Chang-Jin,
_eauthor.
245 1 0 _aState-space Models with Regime Switching :
260 _bMit Press,
_c1999.
300 _a297 pages
650 0 _aBusiness & Economics.
942 _cENGLISH
040 _aYourLibrary
_beng
_cYourLibrary
999 _c612964
_d612964